[Event "Poznan"]
[Site "Poznan"]
[Date "1984.??.??"]
[Round "1"]
[White "Doda, Zbigniew"]
[Black "Stempin, Pawel"]
[Result "1/2-1/2"]
[WhiteElo "2340"]
[BlackElo "2415"]

1.Nf3 c5 2.g3 b6 3.Bg2 Bb7 4.O-O Nf6 5.c4 e6 6.b3 Be7 7.Bb2 O-O 8.e3 d6 9.d4 Qc7
10.Nc3 a6 11.Re1 Nbd7 12.Rc1 Rfe8 13.Qe2 Rac8 14.Red1 Qb8 15.Ne1 cxd4 16.exd4 Bf8
17.Qf1 g6 18.d5 e5 19.Nc2 Nc5  1/2-1/2

[Event "Kamen Piskov mem 4"]
[Site "Ruse"]
[Date "1984.??.??"]
[Round "1"]
[White "Spiridonov, Nikola"]
[Black "Nikolov, Todor"]
[Result "1/2-1/2"]
[WhiteElo "2445"]
[BlackElo "2200"]

1.Nf3 Nf6 2.c4 e6 3.g3 b6 4.Bg2 Bb7 5.O-O c5 6.Nc3 Be7 7.d4 cxd4 8.Qxd4 O-O
9.Rd1 Nc6 10.Qf4 Qb8 11.e4 d6 12.b3 Ne5 13.Ba3 Ng6 14.Qe3 Rd8 15.Rd2 a6 16.Rad1 Qc7
17.h3 Rac8 18.e5 Ne8 19.exd6 Nxd6 20.Bxd6 Rxd6 21.Rxd6 Bxd6 22.Ne4 Bxe4 23.Qxe4 Bc5
24.Kf1 Rd8 25.Rd3 Rxd3 26.Qxd3 Kf8 27.Ng5 h6 28.Qxg6 hxg5 29.Qxg5 Qd6 30.Bf3 Qd4
31.Qe3  1/2-1/2

[Event "BUL-ch"]
[Site "Sofia"]
[Date "1984.??.??"]
[Round "?"]
[White "Popov, Luben"]
[Black "Antonov, Vladimir"]
[Result "1-0"]
[WhiteElo "2395"]
[BlackElo "2365"]

1.c4 c5 2.Nf3 Nf6 3.g3 b6 4.Bg2 Bb7 5.O-O e6 6.b3 Be7 7.Nc3 d6 8.d4 cxd4
9.Qxd4 Nbd7 10.Bb2 a6 11.e4 Qc7 12.Qe3 O-O 13.Nd4 Rfe8 14.Qe2 Ne5 15.f4 Nc6
16.Nc2 Nd7 17.Ne3 Rad8 18.Rad1 Na7 19.Ng4 b5 20.cxb5 Qb6+ 21.Kh1 Nxb5 22.Na4 Qa7
23.Nh6+ Kf8 24.Qh5 g6 25.Qh3 Nf6 26.f5 gxf5 27.Nxf5  1-0

[Event "BUL-ch"]
[Site "Sofia"]
[Date "1984.??.??"]
[Round "?"]
[White "Danailov, Silvio"]
[Black "Georgiev, Kiril"]
[Result "1/2-1/2"]
[WhiteElo "2420"]
[BlackElo "2515"]

1.Nf3 Nf6 2.c4 c5 3.g3 b6 4.Bg2 Bb7 5.O-O e6 6.b3 Be7 7.Bb2 O-O 8.d4 cxd4
9.Qxd4 d6 10.Nc3 a6 11.e4 Nbd7 12.Qe3 Qc7 13.Nd4 Rfe8 14.Rfe1 Rad8 15.Rad1 Bf8
16.h3 Qb8 17.Re2  1/2-1/2

[Event "CSR-ch"]
[Site "Sumperk"]
[Date "1984.??.??"]
[Round "2"]
[White "Lechtynsky, Jiri"]
[Black "Mokry, Karel"]
[Result "1/2-1/2"]
[WhiteElo "2470"]
[BlackElo "2435"]

1.Nf3 Nf6 2.c4 e6 3.g3 b6 4.Bg2 Bb7 5.O-O c5 6.Nc3 Be7 7.d4 cxd4 8.Qxd4 d6
9.Rd1 a6 10.b3 Nbd7 11.e4 Qb8 12.Ba3 Nc5 13.e5 dxe5 14.Qxe5 Qa7 15.Qe2 O-O
16.Ne5 Bxg2 17.Kxg2 Qc7 18.f4 Na4 19.Bxe7 Nxc3 20.Qf3 Qxe7 21.Qxc3 b5 22.Qf3 Qa3
23.Rd2 Rad8 24.Rad1 Rxd2+ 25.Rxd2 bxc4 26.bxc4 Qb4 27.Re2 h5 28.h3 Qb1 29.Qb3 Qa1
30.Nf3 Nd7 31.Qb7 Nc5 32.Qc6 Nd3 33.Qe4 Nc5 34.Qe3 Rc8 35.Ne5 Qb1 36.Kh2 Qb7
37.g4 f6 38.Ng6 hxg4 39.hxg4 Kf7 40.f5 Qc7+ 41.Kg2 Qc6+  1/2-1/2

[Event "Thessaloniki ol (Women)"]
[Site "Thessaloniki"]
[Date "1984.??.??"]
[Round "14"]
[White "Feustel, Petra"]
[Black "Maksimovic, Suzana"]
[Result "1/2-1/2"]
[WhiteElo "2150"]
[BlackElo "2150"]

1.Nf3 c5 2.c4 Nf6 3.g3 b6 4.Bg2 Bb7 5.O-O e6 6.b3 Be7 7.Bb2 O-O 8.Nc3 d6
9.d4 cxd4 10.Qxd4 a6 11.Rfd1 Nbd7 12.Qd2 Qc7 13.Nd4 Bxg2 14.Kxg2 Rfe8 15.e4 Nc5
16.f3 Rad8 17.Rac1 Qb7 18.Qe2 Bf8 19.Nc2 Ncd7 20.Ne1 Ne5 21.h3 h5 22.f4 Ng6
23.Qf3 b5 24.e5 Qxf3+ 25.Nxf3 dxe5 26.fxe5 Nd7 27.Ne4 bxc4 28.Rxc4 Nb6 29.Rxd8 Rxd8
30.Rc6 Nd5 31.Rxa6 Rc8 32.Bd4 Nb4 33.Ra7 Rc2+ 34.Kf1 h4 35.Ra8 hxg3 36.Nxg3 Rxa2
37.Rxa2 Nxa2 38.Ne2 Nb4 39.Kf2 Nd5 40.Kg3 Bb4 41.Kg4 Nge7 42.Nf4 Nc6 43.Nd3 Nxd4
44.Nxd4 Bc3 45.Ne2 Bd2 46.Kf3 Kf8 47.Ke4 Ke7 48.Kd4 f5 49.exf6+ gxf6 50.Ng3 Be3+
51.Ke4 Kd6 52.Nb4 f5+ 53.Kf3 Bg5 54.Nc2 Kc5 55.Ne2 e5 56.Ng3 Ne7 57.Nxf5 Nxf5
58.Ke4 Nd4 59.b4+ Kc4 60.Na3+ Kxb4 61.Kxe5 Kc3 62.Kd5  1/2-1/2

[Event "Titograd"]
[Site "Titograd"]
[Date "1984.??.??"]
[Round "?"]
[White "Taimanov, Mark E"]
[Black "Csom, Istvan"]
[Result "1/2-1/2"]
[WhiteElo "2515"]
[BlackElo "2505"]

1.c4 Nf6 2.Nf3 c5 3.g3 b6 4.Bg2 Bb7 5.O-O e6 6.Nc3 Be7 7.d4 cxd4 8.Qxd4 d6
9.Rd1 a6 10.Ng5 Bxg2 11.Kxg2 O-O 12.Nce4 Ra7 13.Nxf6+ Bxf6 14.Qe3 Rd7 15.Ne4 Be7
16.Qf3  1/2-1/2

[Event "Valjevo"]
[Site "Valjevo"]
[Date "1984.??.??"]
[Round "2"]
[White "Sahovic, Dragutin"]
[Black "Adamski, Jan"]
[Result "1/2-1/2"]
[WhiteElo "2430"]
[BlackElo "2430"]

1.c4 c5 2.Nf3 Nf6 3.g3 b6 4.Bg2 Bb7 5.O-O e6 6.Nc3 Be7 7.d4 Ne4 8.Nxe4 Bxe4
9.d5 O-O 10.Nh4 exd5 11.cxd5 Bxg2 12.Nxg2 d6 13.Bf4 Bg5 14.Qd2 Bxf4 15.Qxf4 Nd7
16.Qxd6 Nf6 17.Qf4 Qxd5 18.Rfd1  1/2-1/2

[Event "Aarhus-B"]
[Site "Aarhus"]
[Date "1985.??.??"]
[Round "1"]
[White "Holst, Per"]
[Black "Ochsner, Thomas"]
[Result "1-0"]
[WhiteElo "2200"]
[BlackElo "2200"]

1.Nf3 Nf6 2.g3 b6 3.Bg2 Bb7 4.O-O e6 5.c4 c5 6.d4 cxd4 7.Qxd4 d6 8.Nc3 Be7
9.b3 O-O 10.Bb2 a6 11.Rad1 Qc7 12.h3 Nbd7 13.g4 Rfd8 14.g5 Nh5 15.Qg4 g6
16.Nd4 Ne5 17.Qh4 Bxg2 18.Kxg2 h6 19.f4 hxg5 20.fxg5 b5 21.cxb5 axb5 22.Ndxb5 Qb7+
23.Kh2 Rxa2 24.Nxa2 Qxb5 25.Nc1 Bxg5 26.Qe4 Rc8 27.Rxd6 Nc4 28.Rxf7 Bf4+
29.Rxf4 Nxf4 30.bxc4  1-0

[Event "Bayern-ch"]
[Site "Ansbach"]
[Date "1985.??.??"]
[Round "1"]
[White "Wachinger, Guenther"]
[Black "Podzielny, Karl Heinz"]
[Result "1/2-1/2"]
[WhiteElo "2220"]
[BlackElo "2415"]

1.Nf3 c5 2.c4 Nf6 3.g3 b6 4.Bg2 Bb7 5.O-O e6 6.Nc3 Be7 7.d4 cxd4 8.Qxd4 d6
9.Rd1 a6 10.b3 Nbd7 11.e4 Qc8 12.Ba3 Nc5 13.e5 dxe5 14.Nxe5 Bxg2 15.Kxg2 Qb7+
16.f3 O-O 17.Qe3 Rfe8 18.Rd2 Rad8 19.Rad1 Rxd2+ 20.Rxd2 Nxb3 21.Bxe7 Nxd2
22.Bxf6 gxf6 23.Ng4 Rd8 24.Nxf6+ Kf8 25.Nxh7+ Kg7 26.Qg5+ Kxh7 27.Qh5+  1/2-1/2

[Event "Bayamo"]
[Site "Bayamo"]
[Date "1985.??.??"]
[Round "9"]
[White "Andres, Miguel"]
[Black "Pigusov, Evgeny"]
[Result "1/2-1/2"]
[WhiteElo "2385"]
[BlackElo "2455"]

1.Nf3 Nf6 2.g3 b6 3.Bg2 Bb7 4.O-O c5 5.c4 e6 6.b3 d6 7.Bb2 Be7 8.Nc3 a6 9.d4 cxd4
10.Qxd4 Nbd7 11.Rfd1 Qc7 12.e4 O-O 13.Qe3 Rfc8  1/2-1/2

[Event "Boeblingen op"]
[Site "Boeblingen"]
[Date "1985.??.??"]
[Round "?"]
[White "Degenhardt, Horst"]
[Black "Schneider, B."]
[Result "0-1"]
[WhiteElo "2200"]
[BlackElo "2285"]

1.g3 Nf6 2.Bg2 c5 3.Nf3 e6 4.O-O b6 5.c4 Bb7 6.Nc3 Be7 7.b3 d6 8.Bb2 Nbd7
9.Re1 O-O 10.e4 a6 11.d4 cxd4 12.Nxd4 Re8 13.Qd2 Qc7 14.Rac1 Rac8 15.h3 Qb8
16.Kh2 Rcd8 17.Re2 Qa8 18.Rce1 Bf8 19.f4 h6 20.Qe3 Nc5 21.b4 Ncd7 22.Qd3 Rc8
23.a3 Rc7 24.Nb3 Rec8 25.Nd2 Be7 26.Rd1 Nf8 27.Bf3 Ng6 28.h4 h5 29.Kh3 Bf8
30.Na4 Qa7 31.Bd4 Nd7 32.Qe3 e5 33.Bxb6 Nxb6 34.f5 Nxa4 35.Qxa7 Bxe4 36.Qe3 Bxf5+
37.Kg2 Nb2 38.Rc1 Bd3 39.Ree1 Bxc4 40.Nxc4 Nxc4 41.Qd3 Ne7 42.Bd5 Nxd5 43.Qxd5 Ne3+
44.Rxe3 Rxc1 45.Rf3 R8c7 46.a4 g6 47.Rb3 R7c2+ 48.Kh3 Ra1 49.b5 Raa2  0-1

[Event "Alfoldi mem (Women)"]
[Site "Budapest"]
[Date "1985.??.??"]
[Round "?"]
[White "Akhmilovskaya, Elena"]
[Black "Csonkics, Tunde"]
[Result "1-0"]
[WhiteElo "2245"]
[BlackElo "2125"]

1.Nf3 c5 2.g3 b6 3.Bg2 Bb7 4.c4 Nf6 5.O-O e6 6.Nc3 a6 7.d4 cxd4 8.Qxd4 d6
9.b3 Nbd7 10.Bb2 Be7 11.Rad1 O-O 12.Nd2 Bxg2 13.Kxg2 Qb8 14.e4 Re8 15.Rfe1 Qb7
16.f3 Rad8 17.Nf1 Bf8 18.Ne3 h6 19.h3 Rc8 20.Qd3 Rcd8 21.Qe2 Rc8 22.Rd2 Red8
23.Red1 Qc7 24.f4 Nc5 25.Qf3 Be7 26.b4 Ncd7 27.a3 Qb7 28.Rf2 Bf8 29.g4 b5
30.h4 Nh7 31.cxb5 axb5 32.g5 hxg5 33.hxg5 Be7 34.Rh1 Ndf8 35.Kg3 e5 36.Ncd5 exf4+
37.Qxf4 Bxg5 38.Qg4 Ng6 39.Rxh7 Kxh7 40.Qxg5 Kg8 41.Bxg7 Kxg7 42.Nf5+  1-0

[Event "ARG-ch"]
[Site "Buenos Aires"]
[Date "1985.??.??"]
[Round "4"]
[White "Ricardi, Pablo"]
[Black "Soppe, Guillermo"]
[Result "1/2-1/2"]
[WhiteElo "2335"]
[BlackElo "2370"]

1.c4 e6 2.Nf3 Nf6 3.g3 b6 4.Bg2 Bb7 5.O-O c5 6.Nc3 Be7 7.d4 cxd4 8.Nxd4 Bxg2
9.Kxg2 a6 10.b3 O-O 11.Bb2 Qc7 12.Qd3  1/2-1/2

[Event "ARG-ch"]
[Site "Buenos Aires"]
[Date "1985.??.??"]
[Round "15"]
[White "Bronstein, Luis"]
[Black "Szmetan, Jorge"]
[Result "1/2-1/2"]
[WhiteElo "2415"]
[BlackElo "2375"]

1.Nf3 Nf6 2.c4 c5 3.g3 b6 4.Bg2 Bb7 5.O-O e6 6.Nc3 Be7 7.d4 cxd4 8.Qxd4 d6
9.Bg5 O-O 10.Bxf6 Bxf6 11.Qd3 Na6 12.Ng5 Bxg5 13.Bxb7 Nc5 14.Qf3 Nxb7 15.Qxb7 Rc8
16.b3 d5 17.Qxa7 dxc4 18.Ne4 c3 19.Nxg5 Qxg5 20.Qxb6 c2 21.Rac1 Rfd8 22.Qe3 Qa5
23.a4 Qb4 24.Ra1 Rc3 25.Qg5 f6 26.Qb5 Qxb5 27.axb5 Rd2 28.Rfc1 Rxb3 29.Kf1 Rxb5
30.Ke1 Rbd5 31.f4 Rd8 32.Kf2 Rd1 33.Ke3 h5 34.Kf3 Kh7 35.h3 Kg6 36.Ke3 R8d7
37.h4 Rd8 38.Kf3 R8d5 39.Ke3 Rxc1 40.Rxc1 Rc5 41.Kd4 Rd5+ 42.Ke4 Rc5 43.Kd4 Ra5
44.Rxc2 Ra3 45.e3 Kf5 46.Rc5+ e5+ 47.fxe5 Ra4+ 48.Kd3 fxe5 49.Ke2 Ke4 50.Rc2 Rb4
51.Ra2 g6 52.Rc2 Ra4 53.Rb2 Rc4 54.Ra2 Rb4 55.Rc2 Ra4 56.Rb2 Rc4 57.Ra2 Rc1
58.Ra4+ Kf5 59.Kf3 e4+ 60.Rxe4 Rf1+ 61.Kg2 Kxe4 62.Kxf1 Kxe3 63.Kg2 Ke2  1/2-1/2

[Event "CAN-ch"]
[Site "?"]
[Date "1985.??.??"]
[Round "5"]
[White "Roy, Arnaud"]
[Black "Moshopoulos, Angelos"]
[Result "1-0"]
[WhiteElo "2200"]
[BlackElo "2200"]

1.Nf3 Nf6 2.c4 e6 3.g3 b6 4.Bg2 Bb7 5.O-O c5 6.Nc3 Be7 7.b3 O-O 8.Bb2 d5
9.cxd5 Nxd5 10.Nxd5 Bxd5 11.Qc2 Na6 12.a3 Bf6 13.Rac1 Rc8 14.d3 Bxb2 15.Qxb2 f5
16.Qc2 f4 17.e4 Bb7 18.Qc3 Nb8 19.Qe5 Qf6 20.gxf4 Nc6 21.Qh5 g6 22.Qg4 Rcd8
23.Ng5 Nd4 24.Qh3 h5 25.Rce1 Bc8 26.Qg3 Qxf4 27.b4 Qxg3 28.fxg3 cxb4 29.axb4 Nc2
30.Rxf8+ Rxf8 31.Rc1 Nxb4 32.Bh3 Nxd3 33.Rxc8 Rxc8 34.Bxe6+ Kg7 35.Bxc8 Kf6
36.Nf3 a5 37.e5+ Ke7 38.Kf1 Kd8 39.Be6 Ke7 40.Bg8 Kf8 41.Bc4 Nc5 42.Nd4 Ke7
43.Ke2 Ne4 44.Ke3 Ng5 45.Nf3 Ne6 46.Bxe6 Kxe6 47.Ke4 b5 48.Nd4+  1-0

[Event "Capablanca mem-B+"]
[Site "Cienfuegos"]
[Date "1985.??.??"]
[Round "1"]
[White "Andres, Miguel"]
[Black "Hernandez, Roman"]
[Result "1/2-1/2"]
[WhiteElo "2385"]
[BlackElo "2440"]

1.Nf3 Nf6 2.g3 b6 3.Bg2 Bb7 4.O-O e6 5.c4 c5 6.b3 Be7 7.Bb2 O-O 8.Nc3 d5
9.cxd5 Nxd5 10.Nxd5 Bxd5 11.Qb1 Bf6 12.Rd1 Nd7 13.d4 cxd4 14.Bxd4 Bxd4 15.Nxd4 Bxg2
16.Kxg2 Qc7 17.Qe4 Nf6 18.Qf3 Rac8 19.Nb5 Qb8 20.Rd2 Rfd8  1/2-1/2

[Event "Hamburg HSV"]
[Site "Hamburg"]
[Date "1985.??.??"]
[Round "?"]
[White "Brunner, Lucas"]
[Black "Cordes, Hans Joerg"]
[Result "0-1"]
[WhiteElo "2290"]
[BlackElo "2310"]

1.Nf3 Nf6 2.g3 b6 3.Bg2 Bb7 4.c4 c5 5.O-O e6 6.Nc3 Be7 7.d4 cxd4 8.Qxd4 d6
9.Bg5 h6 10.Bxf6 Bxf6 11.Qf4 Bxc3 12.bxc3 Qc7 13.Rfd1 e5 14.Qg4 g6 15.Nh4 Bxg2
16.Nxg2 Nd7 17.Rd2 Rd8 18.Rad1 Nf6 19.Qf3 Nh7 20.Qe3 O-O 21.Qxh6 Qxc4 22.Ne3 Qe6
23.Nd5 Nf6 24.Nxf6+ Qxf6 25.h4 Rd7 26.h5 Rc8 27.Rd3 Rc6 28.Kg2 Qf5 29.Rh1 g5
30.Rf3 Qg4 31.Qf6  0-1

[Event "Jurmala"]
[Site "Jurmala"]
[Date "1985.??.??"]
[Round "1"]
[White "Yap, Andronico"]
[Black "Vitolinsh, Alvis"]
[Result "1-0"]
[WhiteElo "2400"]
[BlackElo "2410"]

1.Nf3 e6 2.c4 c5 3.g3 b6 4.Bg2 Bb7 5.O-O Nf6 6.Nc3 Be7 7.d4 cxd4 8.Qxd4 Nc6
9.Qf4 O-O 10.Rd1 d6 11.b3 Qb8 12.Bb2 Ne5 13.e4 a6 14.Nd4 Nxc4 15.bxc4 e5
16.Qd2 exd4 17.Qxd4 Bc6 18.Rab1 Qb7 19.Nd5 Bxd5 20.cxd5 Rfe8 21.Ba1 Rab8
22.Rdc1 Rec8 23.Bh3 Rc7 24.a4 b5 25.e5 dxe5 26.Qxe5 Rxc1+ 27.Rxc1 bxa4 28.d6 Bf8
29.d7 a3 30.Rc8 Qb1+ 31.Bf1  1-0

[Event "Nordic-chT"]
[Site "Pohja"]
[Date "1985.??.??"]
[Round "?"]
[White "Borisova, Borislava"]
[Black "Wiese Jozwiak, Malgorzata"]
[Result "0-1"]
[WhiteElo "2130"]
[BlackElo "2180"]

1.Nf3 c5 2.g3 b6 3.Bg2 Bb7 4.O-O Nf6 5.c4 e6 6.e3 Be7 7.Qe2 O-O 8.d3 d5 9.b3 Nc6
10.Bb2 Qc7 11.Nc3 Rad8 12.Rac1 Qb8 13.cxd5 exd5 14.Rfd1 Rfe8 15.d4 Qa8 16.Nb5 Qb8
17.Nc3 Bf8 18.Qc2 h6 19.Na4 Ne4 20.dxc5 Nb4 21.Qb1 bxc5 22.a3 Nc6 23.Nc3 Na5
24.Nxe4 dxe4 25.Rxd8 Rxd8 26.Be5 Bd6 27.Bxd6 Qxd6 28.Ne1 Qd5 29.Rc3 Qd1 30.Rc1 Qxb3
31.Qa1 Qd5 32.Qc3 Nb3 33.Rb1 c4 34.Bf1 Nd2 35.Rc1 Ba6 36.Be2 Nf3+ 37.Kg2 Ne5
38.Nc2 Nd3 39.Rb1 Qf5 40.Rf1 Ne5 41.Qa5 Qf6 42.Nd4 Rc8 43.Qd5 Rb8 44.Qc5 g6
45.Qxa7 Rb2 46.Kg1 Rxe2 47.Nxe2 c3 48.Nd4 Bxf1 49.Qa8+ Kg7 50.Kxf1 Ng4  0-1

[Event "Reykjavik"]
[Site "Reykjavik"]
[Date "1985.??.??"]
[Round "6"]
[White "Larsen, Bent"]
[Black "Hort, Vlastimil"]
[Result "1/2-1/2"]
[WhiteElo "2520"]
[BlackElo "2560"]

1.Nf3 Nf6 2.c4 b6 3.g3 c5 4.Bg2 Bb7 5.O-O e6 6.Nc3 Be7 7.d4 cxd4 8.Qxd4 d6
9.Bg5 a6 10.Bxf6 Bxf6 11.Qd3 Ra7 12.Rfd1 Be7 13.Ne4 O-O 14.Rac1 Nd7 15.Qc3 Qb8
16.a3 Rc8 17.Neg5 Bxf3 18.Nxf3 Rac7 19.b3 h6 20.a4 Nf6 21.Nd4 Bf8 22.Qd2 Kh8
23.h3 Kg8 24.Rc2 Rc5 25.Rdc1 a5 26.Nb5 d5 27.cxd5 Nxd5 28.Bxd5 Rxd5 29.Rxc8 Qxc8
30.Rxc8 Rxd2 31.e3 Rb2 32.Nd4 e5 33.Nc6 f6 34.Rb8 Rxb3 35.Nxa5 Rb4 36.Nc6 Rxa4
37.Rxb6 Rc4 38.g4 Kh7 39.Nd8 Rc7 40.Ne6 Rf7 41.h4 g6 42.Kg2 Be7 43.Rb7 Kg8
44.Rd7 Rh7 45.e4 Rf7 46.f3 Bb4 47.Rd8+ Kh7 48.Rb8 Bd2 49.Nf8+ Kg7 50.Ne6+ Kh7
51.Re8 Bb4 52.Rc8 Ra7 53.h5 Ra6 54.Nd8 Ra2+ 55.Kg1 gxh5 56.gxh5 Bd2 57.Kg2 Bf4+
58.Kh3 f5  1/2-1/2

[Event "Tirnavia-B"]
[Site "Trnava"]
[Date "1985.??.??"]
[Round "2"]
[White "Jablonicky, Frantisek"]
[Black "Moehring, Guenther"]
[Result "0-1"]
[WhiteElo "2280"]
[BlackElo "2385"]

1.Nf3 c5 2.c4 Nf6 3.g3 b6 4.Bg2 Bb7 5.O-O e6 6.Nc3 Be7 7.b3 d6 8.Bb2 Nbd7
9.e3 O-O 10.d4 cxd4 11.exd4 Ne4 12.Nxe4 Bxe4 13.Qe2 Nf6 14.Bh3 Bxf3 15.Qxf3 d5
16.Qe2 Rc8 17.Bg2 Qd7 18.Rac1 Rfd8 19.Rc2 Rc7 20.Rfc1 Rdc8 21.cxd5 Rxc2 22.Rxc2 Rxc2
23.Qxc2 Nxd5 24.a4 g6 25.Qc4 Bf6 26.Qb5 Qd6 27.Bxd5 exd5 28.Bc3 Kg7 29.Bb4 a6
30.Bxd6 axb5 31.Be5 Bxe5 32.dxe5 bxa4 33.bxa4 f6 34.exf6+ Kxf6 35.Kf1 Ke5
36.Ke2 Kd4 37.Kd2 Kc4 38.f3 Kb4 39.f4 Kxa4 40.g4 Kb4  0-1

[Event "Tirnavia-B"]
[Site "Trnava"]
[Date "1985.??.??"]
[Round "9"]
[White "Pekarek, Ales"]
[Black "Paehtz, Thomas Sr"]
[Result "1/2-1/2"]
[WhiteElo "2360"]
[BlackElo "2380"]

1.Nf3 Nf6 2.c4 e6 3.g3 b6 4.Bg2 Bb7 5.O-O c5 6.Nc3 d6 7.d4 cxd4 8.Qxd4 a6
9.Bg5 Be7 10.Bxf6 Bxf6 11.Qd3 Bxf3 12.exf3 Ra7 13.Rad1 Be7 14.f4 g6 15.Qe3 O-O
16.Rd2 Rd7 17.Rfd1 Qc7 18.Bf1 Rdd8 19.Ne4 Nd7 20.Nxd6 Nc5 21.Ne4 Nxe4 22.Qxe4 Rxd2
23.Rxd2 Rd8 24.Rd3 a5 25.h4 h5 26.Kg2 Rxd3 27.Bxd3 Bf6 28.Qe2 Qd6 29.Be4 Qd4
30.b3 Qb2 31.Qxb2 Bxb2 32.Bc6 Bd4 33.f3 Kg7 34.g4 Kf6 35.Kg3 Bc5 36.f5  1/2-1/2

[Event "Baku"]
[Site "Baku"]
[Date "1986.??.??"]
[Round "?"]
[White "Damljanovic, Branko"]
[Black "King, Daniel J"]
[Result "0-1"]
[WhiteElo "2420"]
[BlackElo "2435"]

1.Nf3 c5 2.g3 b6 3.Bg2 Bb7 4.O-O Nf6 5.c4 e6 6.Nc3 a6 7.d4 cxd4 8.Qxd4 d6
9.Bg5 Nbd7 10.Nd2 Bxg2 11.Kxg2 Be7 12.Nde4 Qc7 13.Rfd1 O-O 14.Rac1 Rfd8 15.f3 h6
16.Nxf6+ Nxf6 17.Be3 Rab8 18.Ne4 Ne8 19.b3 Qb7 20.Nf2 Nf6 21.Qb2 b5 22.Nd3 Rbc8
23.Qd4 Qa8 24.Bd2 e5 25.Qe3 bxc4 26.bxc4 a5 27.Nf2 Qa6 28.Qb3 Rc6 29.Qb5 Rdc8
30.a4 Qa8 31.Qxa5 Ra6 32.Qb5 Rb8 33.c5 Rxb5 34.axb5 Ra2 35.c6 Bd8 36.c7 Bxc7
37.Rxc7 Qb8 38.Rc6 Qxb5 39.Rxd6 Qxe2 40.Re1 Qc4 41.Rxe5 Kh7 42.Re7 Qc5  0-1

[Event "Bayern-ch"]
[Site "Bayern"]
[Date "1986.??.??"]
[Round "?"]
[White "Wachinger, Guenther"]
[Black "Blazi, Janos"]
[Result "1/2-1/2"]
[WhiteElo "2295"]
[BlackElo "2280"]

1.c4 c5 2.Nf3 Nf6 3.g3 b6 4.Bg2 Bb7 5.O-O e6 6.Nc3 Be7 7.d4 cxd4 8.Qxd4 d6
9.Rd1 a6 10.b3 Nbd7 11.e4 Qc7 12.Ba3 Nc5 13.e5 dxe5 14.Qxe5 Rc8 15.Qxc7 Rxc7
16.Bc1 O-O 17.Bf4 Rd7 18.Ne5 Rxd1+ 19.Rxd1 Bxg2 20.Kxg2 Rc8 21.g4 Kf8 22.g5 Nh5
23.Be3 Ke8 24.b4  1/2-1/2

[Event "Biel-JMT"]
[Site "Biel"]
[Date "1986.??.??"]
[Round "?"]
[White "Csom, Istvan"]
[Black "Kindermann, Stefan"]
[Result "1-0"]
[WhiteElo "2505"]
[BlackElo "2485"]

1.Nf3 Nf6 2.c4 c5 3.g3 b6 4.Bg2 Bb7 5.O-O e6 6.Nc3 Be7 7.d4 cxd4 8.Qxd4 d6
9.Rd1 a6 10.Ng5 Bxg2 11.Kxg2 Nc6 12.Qf4 O-O 13.Nge4 Nxe4 14.Nxe4 Ra7 15.b3 Rd7
16.Bb2 d5 17.cxd5 Rxd5 18.Nc3 Rxd1 19.Rxd1 Qc8 20.Ne4 f6 21.Qe3 Qc7 22.Rc1 Rc8
23.Nxf6+ gxf6 24.Qxe6+ Kg7 25.Rc4 h5 26.Qf5 Qd8 27.Qg5+ Kf8 28.Qxh5 Qd7 29.Rg4 Qe8
30.Qh8+ Kf7 31.Rg7+ Ke6 32.Qh3+ f5 33.e4 Qf8 34.exf5+ Kd5 35.Qg4 Ne5 36.Qd4+  1-0

[Event "Dubai ol (Men)"]
[Site "Dubai"]
[Date "1986.??.??"]
[Round "14"]
[White "Afifi, Assem"]
[Black "Guerra, Jose Luis"]
[Result "1-0"]
[WhiteElo "2355"]
[BlackElo "2355"]

1.c4 e6 2.Nf3 Nf6 3.g3 b6 4.Bg2 Bb7 5.O-O c5 6.Nc3 Be7 7.d4 cxd4 8.Qxd4 d6
9.Rd1 a6 10.Ng5 Bxg2 11.Kxg2 O-O 12.b3 Ra7 13.Bb2 Nbd7 14.Rd2 Qb8 15.Nge4 Rd8
16.Rad1 Rc7 17.Qe3 Rc6 18.Ng5 Qb7 19.f3 h6 20.Nge4 Qb8 21.Nf2 b5 22.cxb5 axb5
23.Qd3 b4 24.Na4 Rdc8 25.e4 Nc5 26.Nxc5 Rxc5 27.Qe2 Ra5 28.Bxf6 gxf6 29.Ng4 h5
30.Ne3 Rac5 31.Nc4 R8c6 32.f4 f5 33.exf5 Rxf5 34.Ne3 Rfc5 35.f5 Re5 36.fxe6 fxe6
37.Qd3 Qe8 38.Nc4 Rf5 39.Qe2 d5 40.Ne5 Rc3 41.Rd3 Bf6 42.Nf3 Qc6 43.g4 Rf4
44.gxh5 d4 45.Kg3 Qe4 46.Qxe4 Rxe4 47.h4 e5 48.Ng5 Re2 49.Kg4 e4 50.Rxd4 Bxd4
51.Rxd4 e3 52.h6 Rg2+ 53.Kh5 Rc8 54.Rd7 Rf8 55.Rg7+ Kh8 56.Nf7+ Rxf7 57.Rxg2 Rf5+
58.Kg6 Rf2 59.Rg3 e2 60.Re3 Rg2+ 61.Kf5 Kh7 62.Re6 Rf2+ 63.Kg4  1-0

[Event "NLD-ch"]
[Site "Hilversum"]
[Date "1986.??.??"]
[Round "1"]
[White "Boersma, Paulus A"]
[Black "De Boer, Gert Jan"]
[Result "1/2-1/2"]
[WhiteElo "2405"]
[BlackElo "2430"]

1.Nf3 Nf6 2.c4 b6 3.g3 c5 4.Bg2 Bb7 5.O-O e6 6.b3 Be7 7.Bb2 O-O 8.Nc3 d6
9.e3 Nbd7 10.d4 a6 11.Re1 Ne4 12.d5 Nxc3 13.Bxc3 exd5 14.cxd5 Bf6 15.Rc1 Re8
16.e4 b5 17.Bxf6 Qxf6 18.Nh4 Rac8 19.Bh3 Rc7 20.f4 Bc8 21.Nf3 c4 22.bxc4 bxc4
23.e5 dxe5 24.d6 Rc6 25.Bxd7 Bxd7 26.Nxe5 Rxd6 27.Nxd7 Rxe1+ 28.Qxe1 Qd4+
29.Kh1  1/2-1/2

[Event "Holon op"]
[Site "Holon"]
[Date "1986.??.??"]
[Round "?"]
[White "Gutman, Lev"]
[Black "Kuligowski, Adam"]
[Result "1-0"]
[WhiteElo "2445"]
[BlackElo "2390"]

1.Nf3 Nf6 2.g3 b6 3.Bg2 Bb7 4.O-O e6 5.c4 c5 6.Nc3 Be7 7.d4 cxd4 8.Nxd4 Bxg2
9.Kxg2 Qc8 10.e4 Qxc4 11.Be3 O-O 12.Rc1 Qa6 13.e5 Qb7+ 14.Qf3 Qxf3+ 15.Kxf3 Ne8
16.Ke2 f6 17.f4 fxe5 18.fxe5 Rxf1 19.Kxf1 Nc7 20.Nb1 Nd5 21.Rc8+ Kf7 22.Nc2 Bc5
23.Bg5 a5 24.a3 a4 25.Nc3 Kg6 26.Bd8 Nxc3 27.bxc3 Kf5 28.Nb4 Kxe5 29.Bc7+ Bd6
30.Bxb6 Ke4 31.Ke2 h5 32.Bf2 Ra5 33.c4 Na6 34.Bb6 Bxb4 35.Bxa5 Bxa3 36.Ra8 Nc5
37.Ra7 Kd4 38.Ra8 Kxc4 39.Rg8 Bb4 40.Bxb4 Kxb4 41.Rxg7 d5 42.g4 hxg4 43.Rxg4+ Ne4
44.h4 Kc5 45.h5 Nf6 46.h6  1-0

[Event "URS-FL"]
[Site "Irkutsk"]
[Date "1986.??.??"]
[Round "?"]
[White "Pigusov, Evgeny"]
[Black "Razuvaev, Yuri S"]
[Result "1/2-1/2"]
[WhiteElo "2500"]
[BlackElo "2535"]

1.Nf3 Nf6 2.c4 e6 3.g3 b6 4.Bg2 Bb7 5.O-O c5 6.b3 Be7 7.Bb2 O-O 8.Nc3 d6
9.e3 Nbd7 10.d4 Ne4 11.d5 Nxc3 12.Bxc3 exd5 13.cxd5 b5 14.e4 b4 15.Bb2 a5
16.a3 Bf6 17.Qc2 Ba6 18.Rfd1 Re8 19.Ra2 Qb6 20.axb4  1/2-1/2

[Event "UKR-ch"]
[Site "Kiev"]
[Date "1986.??.??"]
[Round "7"]
[White "Huzman, Alexander"]
[Black "Novikov, Igor A"]
[Result "1/2-1/2"]
[WhiteElo "2390"]
[BlackElo "2490"]

1.Nf3 Nf6 2.c4 b6 3.g3 c5 4.Bg2 Bb7 5.O-O e6 6.Nc3 Be7 7.d4 cxd4 8.Qxd4 Nc6
9.Qf4 O-O 10.Rd1 d6 11.b3 Qb8 12.Bb2 Rd8 13.Ng5 h6 14.Nge4 Ne8 15.Qe3 Nb4
16.Qf3 d5 17.cxd5 Nxd5 18.Nxd5  1/2-1/2

[Event "URS-FL"]
[Site "Kujbyshev"]
[Date "1986.??.??"]
[Round "?"]
[White "Mikhalchishin, Adrian"]
[Black "Tukmakov, Vladimir B"]
[Result "1/2-1/2"]
[WhiteElo "2525"]
[BlackElo "2575"]

1.Nf3 Nf6 2.g3 b6 3.Bg2 Bb7 4.O-O e6 5.c4 c5 6.Nc3 a6 7.d4 cxd4 8.Qxd4 d6
9.Rd1 Be7 10.Ng5 Bxg2 11.Kxg2 Nc6 12.Qd2 O-O 13.b3 Qc7 14.Nge4 Ne8 15.f3 Rd8
16.a4 h6 17.Ba3 f5 18.Nf2 Bg5 19.f4 Bf6 20.Qe3 Rf7 21.Rac1 Re7 22.h3 Kf7
23.Na2 Qb7 24.Kh2 Red7 25.Nb4 Nxb4 26.Bxb4 d5 27.cxd5 Rxd5 28.Rxd5 Qxd5 29.Rd1 Bd4
30.Qf3 Qxf3 31.exf3  1/2-1/2

[Event "Munich"]
[Site "Munich"]
[Date "1986.??.??"]
[Round "?"]
[White "Enigl, Karl"]
[Black "Conquest, Stuart"]
[Result "0-1"]
[WhiteElo "2230"]
[BlackElo "2430"]

1.c4 Nf6 2.Nf3 b6 3.g3 c5 4.Bg2 Bb7 5.O-O e6 6.Nc3 Be7 7.d4 cxd4 8.Nxd4 Bxg2
9.Kxg2 Qc8 10.Qa4 O-O 11.f3 d6 12.Rd1 a6 13.Be3 Ra7 14.Nb3 Rc7 15.Nd2 Nbd7
16.Bd4 Qb7 17.Qb3 Nc5 18.Bxc5 Rxc5 19.Nde4 Nxe4 20.Nxe4 Rc6 21.a4 Qc7 22.Nd2 Bf6
23.Ne4 Rxc4 24.Nxf6+ gxf6 25.Rxd6 Rc2 26.Qd3 Rxe2+ 27.Qxe2 Qxd6 28.Rd1 Qc6
29.Qe4 Qxe4 30.fxe4 Rc8 31.Kf3 Rc2 32.b4 Rc3+ 33.Kf2 Rc4 34.Rd8+ Kg7 35.Ra8 Rxe4
36.Rxa6 Rxb4 37.a5 bxa5 38.Rxa5 Rb2+ 39.Kg1 f5 40.Rc5 Kf6 41.Rc8 e5 42.Rh8 Kg7
43.Re8 e4 44.Re7 Kf6 45.Re8 Kg5 46.Rg8+ Kf6 47.Re8 Ra2 48.Rh8 Kg7 49.Re8 h5
50.h4 Kf6 51.Rh8 Ke5 52.Kf1 e3 53.Re8+ Kd4 54.Re7 Kd3 55.Rd7+ Ke4 56.Rxf7 Rf2+
57.Kg1 f4 58.Re7+ Kf3  0-1

[Event "New York op"]
[Site "New York"]
[Date "1986.??.??"]
[Round "?"]
[White "Pelts, Roman"]
[Black "Browne, Walter S"]
[Result "0-1"]
[WhiteElo "2440"]
[BlackElo "2510"]

1.Nf3 c5 2.g3 b6 3.Bg2 Bb7 4.O-O Nf6 5.c4 e6 6.Nc3 Be7 7.d4 cxd4 8.Qxd4 d6
9.Rd1 a6 10.b3 Nbd7 11.e4 Qb8 12.Ba3 Nc5 13.e5 dxe5 14.Qxe5 Ncd7 15.Qxb8+ Rxb8
16.Bc1 Rc8 17.Bb2 Rg8 18.Ne2 g5 19.Ne5 Bxg2 20.Kxg2 Nxe5 21.Bxe5 Nd7 22.Bb2 Nc5
23.h3 f6 24.Nc3 Kf7 25.Rd2 Rgd8 26.Rad1 Rxd2 27.Rxd2 h5 28.Kf3 f5 29.Nd1 g4+
30.hxg4 hxg4+ 31.Ke2 b5 32.cxb5 Ne4 33.Rd7 Ke8 34.Rb7 Rc2+ 35.Ke3 axb5 36.Be5 Bc5+
37.Kf4 Rd2 38.Bc3 Rxd1 39.Ke5 Bd6+  0-1